000 00430cam a2200181 4500
001 D12933
008 090401t1947 xxu||||| |||| 00| 0 eng d
035 _a(Sirsi) u6721
041 _aeng
100 _aHeap, Desmond
_cSir
_d1907-1998
245 4 _aThe New Towns Act 1946, annotated
260 _bSweet & Maxwell
_c1947
350 _a0
520 _aShelf 182
700 _aSilkin, Lewis
942 _n0
948 _c04/03/1997
999 _c86339
_d86339